Conservación de frutos: manual técnico

Gorde:
Xehetasun bibliografikoak
Egile Nagusiak: Herrero, Alfonso (Egilea), Guardia, Jorge (Egilea)
Formatua: Liburua
Hizkuntza:gaztelania
Argitaratua: Madrid Mundi-Prensa 1992
Gaiak:
Etiketak: Etiketa erantsi
Etiketarik gabe, Izan zaitez lehena erregistro honi etiketa jartzen!

MARC

LEADER 00000nam a2200000 a 4500
001 UCY0365
003 CL-VaPUC
008 940728e19920000SP |||||||||||||||||spa|d
082 0 4 |a 664.8  |b HER  |2 21 
100 0 |a Herrero, Alfonso  |e author  |9 328025 
700 0 |a Guardia, Jorge  |e author  |9 328026 
245 1 0 |a Conservación de frutos: manual técnico 
300 |a 409 p 
942 |c BK 
945 |d 19940728 00:00:00  |a mfernand 
260 |a Madrid  |b Mundi-Prensa  |c 1992 
650 7 |a FRUTAS CONSERVACION  |2 CL-VaPUC  |9 328027 
583 |a last modification  |c 19940728 00:00:00  |k Rodrigo Vera 
999 |c 229375  |d 229373 
952 |0 0  |1 0  |4 0  |6 664_800000000000000_HER_1992  |7 0  |8 R  |9 230452  |a BIBAGR  |b BIBAGR  |d 2019-11-15  |i 2999439  |o 664.8 HER 1992  |p 2999439  |r 2025-01-20  |w 2019-11-15  |y BK_R  |k AGR 
952 |0 0  |1 0  |4 0  |6 664_800000000000000_HER_1992  |7 0  |8 R  |9 230453  |a BIBAGR  |b BIBAGR  |d 2019-11-15  |i 3405125  |o 664.8 HER 1992  |p 3405125  |r 2025-01-20  |w 2019-11-15  |y BK_R  |k AGR 
952 |0 0  |1 0  |4 0  |6 664_800000000000000_HER_1992  |7 0  |8 R  |9 230454  |a BIBAGR  |b BIBAGR  |d 2019-11-15  |i 3405133  |o 664.8 HER 1992  |p 3405133  |r 2025-01-20  |w 2019-11-15  |y BK_R  |k AGR